000 00290nam a22001337a 4500
008 170602b xxu||||| |||| 00| 0 eng d
020 _a0816613982
041 _aeng
080 _a93
100 _a17
101 _aSHH
245 _aDEMARCATING THE DICIPLINES
_cWEBER, S
942 _2udc
_cBK
999 _c15659
_d15659